000 01702nam a2200241Ia 4500
005 20250604151238.0
008 008 250516s9999 xx 000 0 eng d
020 _a9781032855189
040 _aSDCL
_beng
_cSDCL
041 _aeng
_2eng
084 _aW66 R4
_qSDCL
245 0 _aBeyond classical liberalism :
_bFreedom and the good
260 _aLondon :
_bRoutledge,
_c2024.
300 _axiv, 275p.
365 _aINR
_b1295
520 _aThis book brings together diverse sets of standpoints on liberalism in an era of growing skepticism and distrust regarding liberal institutions. The chapters in the book: Relate concerns for liberal institutions with classical themes in perfectionist politics, such as the priority of the common good in decision-making or the role of comprehensive doctrines Analyze how perfectionist intuitions about the political life affect our concepts of public reason or public justification Outline various moral duties we have toward other persons that underlie the liberal institutions or notions of rights functioning across the contemporary political landscape Explore various aspects of pluralism from within influential religious or philosophical traditions, applying insights from those traditions to issues in contemporary politics The comprehensive book will be of great interest to scholars, students, and researchers of politics, especially those in political philosophy and political theory.
650 _aCommon good -- Philosophy
_9811764
650 _aLiberalism -- Philosophy
_9811765
650 _aLiberty -- Philosophy
_9811766
700 _aRooney, James Dominic
_9809690
700 _aZoll, Patrick
_9811767
942 _cTEXL
_2CC
_n0
999 _c1429746
_d1429746